| 000 | 00476nam a2200133 4500 | ||
|---|---|---|---|
| 999 |
_c9029 _d9029 |
||
| 008 | 180404b ||||| |||| 00| 0 eng d | ||
| 082 | _aDPer 050 Dec 2015-Mar 2016 T48 v186-187 | ||
| 100 |
_927132 _aStein, Joel. |
||
| 245 |
_aWhy the candidates who made it hard for me to volunteer will win/ _cJoel Stein. |
||
| 260 |
_aNew York: _bTime Inc., _c©Dec 2015-Mar 2016. |
||
| 300 |
_av187 n4, page 42: _billustrations; _c27 cm. |
||
| 650 | 0 |
_927133 _aElections. |
|
| 942 |
_2ddc _cPER |
||